000 00763nam a2200229 i 4500
001 42584
003 ES-MaACL
005 20251017121821.0
007 t|
008 030407s2002 sp ||||0| spa
020 _a84-8109-372-6
020 _a84-226-8096-3
080 _a821.111(73)-34"18/19"(082.2)
245 0 0 _aAntología del cuento norteamericano /
_cselección y prólogo de Richard Ford ; presentación de Carlos Fuentes.
260 _aBarcelona :
_bGalaxia Gutenberg :
_bCírculo de Lectores,
_c[2002]
300 _a1265 p. ;
_c21 cm.
650 _aCuentos norteamericanos.
_9156553
700 1 _aFuentes, Carlos,
_d1928-2012
_9242378
700 0 _aFord, Richard,
_d1944-
_951711
852 _aES-MaACL
_jL-26217
999 _c42584
_d42584